<?xml version="1.0" encoding="UTF-8"?>
<collection xmlns="http://www.loc.gov/MARC21/slim">
 <record>
  <leader>01436nam a22002057a 4500</leader>
  <controlfield tag="001">NCT_32986</controlfield>
  <controlfield tag="008">180424b        xxu||||| |||| 00| 0 vie d</controlfield>
  <datafield tag="999" ind1=" " ind2=" ">
   <subfield code="c">1587</subfield>
   <subfield code="d">1587</subfield>
  </datafield>
  <datafield tag="020" ind1=" " ind2=" ">
   <subfield code="a">9786048711023</subfield>
   <subfield code="c">35000</subfield>
  </datafield>
  <datafield tag="082" ind1="0" ind2="4">
   <subfield code="2">23rd ed.</subfield>
   <subfield code="a">613</subfield>
   <subfield code="b">Đ552</subfield>
  </datafield>
  <datafield tag="100" ind1="1" ind2=" ">
   <subfield code="a">Võ Hữu Hiếu Đức</subfield>
   <subfield code="e">Biến soạn và tổng hợp</subfield>
  </datafield>
  <datafield tag="245" ind1="1" ind2="0">
   <subfield code="a">Sức mạnh từ bên trong</subfield>
   <subfield code="b">: Tăng cường miễn dịch điều trị ung thư</subfield>
   <subfield code="c">Võ Hữu Hiếu Đức</subfield>
  </datafield>
  <datafield tag="260" ind1=" " ind2=" ">
   <subfield code="a">H.</subfield>
   <subfield code="b">Thời đại</subfield>
   <subfield code="c">2015</subfield>
  </datafield>
  <datafield tag="300" ind1=" " ind2=" ">
   <subfield code="a">158 tr.</subfield>
   <subfield code="c">19cm</subfield>
  </datafield>
  <datafield tag="520" ind1="3" ind2=" ">
   <subfield code="a">Nội dung sách gồm các phần: - Thanh lọc các bộ phận cơ thể - Ăn uống lành mạnh cho các tế bào được đổi mới và phát triển - Tâm trí lành mạnh bằng cách thực hành Thiền, võ thuật (Nhật Bản) hoặc Yoga - Đức tin - Hy vọng và trợ duyên của gia đình - Môi trường sống sạch sẽ và thoải mái làm tăng khả năng miễn dịch</subfield>
  </datafield>
  <datafield tag="653" ind1=" " ind2=" ">
   <subfield code="a">Y đa khoa</subfield>
  </datafield>
  <datafield tag="942" ind1=" " ind2=" ">
   <subfield code="2">ddc</subfield>
   <subfield code="c">BK</subfield>
  </datafield>
  <datafield tag="952" ind1=" " ind2=" ">
   <subfield code="0">0</subfield>
   <subfield code="1">0</subfield>
   <subfield code="2">ddc</subfield>
   <subfield code="4">0</subfield>
   <subfield code="6">613_000000000000000_Đ552</subfield>
   <subfield code="7">0</subfield>
   <subfield code="9">7641</subfield>
   <subfield code="a">000001</subfield>
   <subfield code="b">000001</subfield>
   <subfield code="d">2018-04-24</subfield>
   <subfield code="o">613 Đ552</subfield>
   <subfield code="p">MD.10924</subfield>
   <subfield code="r">2018-04-24</subfield>
   <subfield code="v">35000.00</subfield>
   <subfield code="w">2018-04-24</subfield>
   <subfield code="y">BK</subfield>
  </datafield>
  <datafield tag="952" ind1=" " ind2=" ">
   <subfield code="0">0</subfield>
   <subfield code="1">0</subfield>
   <subfield code="2">ddc</subfield>
   <subfield code="4">0</subfield>
   <subfield code="6">613_000000000000000_Đ552</subfield>
   <subfield code="7">0</subfield>
   <subfield code="9">15361</subfield>
   <subfield code="a">000001</subfield>
   <subfield code="b">000001</subfield>
   <subfield code="d">2019-02-12</subfield>
   <subfield code="o">613 Đ552</subfield>
   <subfield code="p">MD.14182</subfield>
   <subfield code="r">2019-02-12</subfield>
   <subfield code="v">35000.00</subfield>
   <subfield code="w">2019-02-12</subfield>
   <subfield code="y">BK</subfield>
  </datafield>
  <datafield tag="980" ind1=" " ind2=" ">
   <subfield code="a">Thư viện Trường Đại học Nam Cần Thơ</subfield>
  </datafield>
 </record>
</collection>
